000
00335 a2200157 4500
001
70712
020
_a
040
_c
Anchieta - Itaigara
100
_a
Empresa Baiana de Jornalismo S.A.
240
1
0
_a
Astro do Candomblé
_l
por
245
1
0
_a
Astro do Candomblé
300
_a
87
362
0
_a
2003
650
4
_a
Bahia
942
_c
BK
999
_c
70712
_d
70712